000 01214cam a2200361 a 4500
001 2325
003 FISKH
005 20231117091145.0
008 110121s2011 nyu c 000 1 eng
010 _a 2010051413
020 _a9781606840542 (hardcover)
020 _a9780545528825
040 _aDLC
_cDLC
_dDLC
_beng
042 _alcac
_apcc
050 0 0 _aPZ7.J4298715
_bLu 2011
082 0 0 _a813.6
_222
100 1 _aJennings, Patrick.
245 1 0 _aLucky cap /
_cPatrick Jennings.
250 _aFirst Scholastic printing, January 2013
260 _aNew York :
_bScholastic,
_c2011
300 _a213 pages :
_billustrations ;
_c20 cm
505 _aN
520 _aEnzo starts middle school after an amazing summer trip with his father, a new manager at a popular sporting goods company, with a prototype baseball cap that seems to bring Enzo popularity and success.
521 1 _a550
_bLexile
521 1 _aN
_bRaz-Plus
650 1 _aConduct of life
_vFiction.
650 1 _aPopularity
_vFiction.
650 1 _aCaps (Headgear)
_vFiction.
650 1 _aMiddle schools
_vFiction.
650 1 _aSchools
_vFiction.
906 _a7
_bcbc
_corignew
_d1
_eecip
_f20
_gy-gencatlg
942 _2ddc
_cBK
_n0
999 _c2325
_d2325